| 000 | 00490nam a2200181Ia 4500 | ||
|---|---|---|---|
| 008 | 240925s9999 xx 000 0 und d | ||
| 020 | _a817808497X | ||
| 082 | _a005.1 SOM | ||
| 100 | _aSommerville, Ian | ||
| 245 | 0 | _aSoftware Engineering | |
| 250 | _a6th | ||
| 260 |
_aNew Delhi: _bPearson Printice Hall _c,2001. |
||
| 300 |
_ax,662p. _bNA _fOriginal |
||
| 500 | _aIncludes Index | ||
| 600 | _aComputer Science | ||
| 650 | _aComputer science, information & general works | ||
| 942 | _cBK | ||
| 999 |
_c7616 _d7616 |
||